Score 0/30 Timer 10:00
1 Play Today
Appearances Player % Correct
350Cesc Fabregas
95.9%
304*David Silva
93.6%
212Fernando Torres
89.8%
306*David De Gea
88.5%
261*Juan Mata
85.6%
143Xabi Alonso
85.3%
133*Marcos Alonso
83.5%
264*Cesar Azpilicueta
72.1%
291*Pepe Reina
70.4%
284Mikel Arteta
67.5%
136*Pedro
60.1%
154*Hector Bellerin
57.6%
187Nacho Monreal
53%
129Santi Cazorla
51.7%
132Ander Herrera
45.4%
Appearances Player % Correct
89Diego Costa
44.4%
169*Ayoze Perez
44.2%
90Alberto Moreno
39%
175*Oriol Romeu
38.7%
136*Adrian
37.3%
172Ivan Campo
36.5%
97*Adama Traore
35%
161Jose Enrique
34.8%
169Angel Rangel
28.1%
123Jesus Navas
26.1%
127*Gerard Deulofeu
21%
109Manuel Almunia
17.7%
131Jordi Gomez
17.4%
124Carlos Cuellar
8.6%
89Javier Garrido
5.6%
Remove Ads.
Support Sporcle.
Get the best of Sporcle when you Go Orange. This ad-free experience offers more features, more stats, and more fun while also helping to support Sporcle. Thank you for becoming a member.

You're not logged in!

Compare scores with friends on all Sporcle quizzes.
OR
Log In

Sporcle TV

Today on Sporcle TV


Watch our educational content, quiz creation guides, and fun videos on Sporcle TV.

Show Comments

Extras

Top Quizzes Today


Score Distribution

Paid Content

Your Account Isn't Verified!

In order to create a playlist on Sporcle, you need to verify the email address you used during registration. Go to your Sporcle Settings to finish the process.

Report this User

Report this user for behavior that violates our Community Guidelines.

Details: